Indumentaria antigua mexicana /

Guardat en:
Dades bibliogràfiques
Autor principal: Du Solier, W. (ilustración)
Altres autors: Toussaint, Manuel (prólogo) (prólogo)
Format: Imatge
Idioma:espanyol
Publicat: México : Ediciones Mexicanas, 1950, c1950
Matèries:
Etiquetes: Afegir etiqueta
Sense etiquetes, Sigues el primer a etiquetar aquest registre!

MARC

LEADER 00000nkm^a2200000^a^4500
001 000410273
005 20250526000000.0
009 20260310122042.814
037 |a Acervo Xavier Clavigero 
041 |a ESP 
082 |a 746. 92140972  |b DUS 
100 |a Du Solier, W.  |e (ilustración) 
240 1 1 |a [Indumentaria antigua mexicana, de W. Du Solier] 
245 1 0 |a Indumentaria antigua mexicana /  |c W. Du Solier ; pról. de M. Toussaint 
264 4 |a México :  |b Ediciones Mexicanas,  |c 1950, c1950 
300 |a 110 p. ;  |c 30.0 cm. 
336 |a texto  |b txt  |2 rdacontenido 
337 |a sin mediación  |b n  |2 rdamedio 
338 |a volumen  |b nc  |2 rdasoporte 
649 |a XX 
650 |a Indígenas de México -  |x Condiciones Sociales y Culturales 
650 |a Trajes Típicos -  |z México -  |x Tema Principal 
650 |a Trajes Típicos -  |z México -  |x Historia -  |y Epoca Prehispánica 
650 |a Vestido -  |z México -  |x Historia -  |y Epoca Prehispánica 
650 |a Diseño Textil -  |z México -  |x Historia -  |y Epoca Prehispánica 
650 |a Artesanía -  |z México -  |x Historia -  |y Epoca Prehispánica 
650 |a Arte Popular -  |z México -  |x Historia -  |y Epoca Prehispánica 
650 |a Arte Prehispánico -  |z México -  |x Historia y Crítica 
650 |a Arte Mexicano -  |x Historia y Crítica 
650 |a Sociología de la Cultura 
650 |a Antropología Cultural 
650 |a México -  |x Historia -  |y Epoca Prehispánica -  |x Tema Principal 
700 |a Toussaint, Manuel  |e (prólogo) 
910 |a Fondo General 
920 |a Impresos - Libros 
930 |a Libros Antiguos y Raros 
905 |a 108 
901 |a 024783  |b IT2  |c LRA  |u 20250526 
902 |a https://opac.biblio.iteso.mx/vufind/Record/000410273